[Event "Women's Speed Chess Q5"]
[Site "chess.com INT"]
[Date "2020.06.22"]
[Round "2"]
[White "Mendoza, Shania Mae"]
[Black "Khotenashvili, Bela"]
[Result "0-1"]
[WhiteTitle "WFM"]
[BlackTitle "GM"]
[WhiteElo "2158"]
[BlackElo "2458"]
[WhiteFideId "5211158"]
[BlackFideId "13602640"]
[EventDate "2020.06.22"]

1. e4 c6 2. Nc3 d5 3. Nf3 g6 4. h3 Bg7 5. exd5 cxd5 6. d4 Nc6 7. Bb5 Nf6 8. O-O
O-O 9. Re1 Qc7 10. Ne5 Bf5 11. Bf4 Qb6 12. Bxc6 bxc6 13. Rb1 Qa6 14. Qd2 Rac8
15. f3 Rfd8 16. Re2 c5 17. g4 Bxc2 18. Rbe1 Ba4 19. dxc5 Be8 20. Bh6 e6 21. Qf4
Bxh6 22. Qxh6 d4 23. Ne4 Nxe4 24. fxe4 Rxc5 25. Nf3 d3 26. Rd2 Qb6 27. Kg2 f6
28. Re3 Rc2 29. Rxd3 Rxd3 30. Rxc2 Qb7 31. Qf4 Qe7 32. Rc7 Qf8 33. e5 fxe5 34.
Qxf8+ Kxf8 35. Nxe5 Rd2+ 36. Kg3 Rxb2 37. Rxa7 Re2 38. Nf3 Rb2 39. a4 h6 40. a5
Rb3 41. Kf2 Ra3 42. Ra8 Ke7 43. Ra7+ Kf6 44. Nd2 Bc6 45. Ke2 Bd5 46. a6 Rxh3 47.
Rd7 Ra3 48. a7 h5 49. gxh5 gxh5 50. Rh7 Kg5 51. Nf1 h4 52. Kf2 Ra2+ 53. Kg1 Kg4
54. Ne3+ Kh3 55. Nxd5 exd5 56. Rd7 Ra1+ 57. Kf2 Kh2 58. Rxd5 Rxa7 59. Rh5 Rf7+ 0-1

[Event "Women's Speed Chess Q5"]
[Site "chess.com INT"]
[Date "2020.06.22"]
[Round "2"]
[White "Azhar, Puteri Munajjah Az-Zahraa"]
[Black "Kovanova, Baira"]
[Result "1-0"]
[WhiteTitle "WIM"]
[BlackTitle "WGM"]
[WhiteElo "2046"]
[BlackElo "2343"]
[WhiteFideId "5709040"]
[BlackFideId "4164083"]
[EventDate "2020.06.22"]

1. d4 Nf6 2. c4 e6 3. Nc3 Bb4 4. Qc2 O-O 5. Nf3 d6 6. Bg5 h6 7. Bh4 b6 8. e3 Bb7
9. a3 Bxc3+ 10. bxc3 Nbd7 11. Be2 Re8 12. O-O e5 13. d5 Nf8 14. Bd3 g5 15. Nxg5
hxg5 16. Bxg5 Qe7 17. f4 e4 18. Be2 N8h7 19. h4 Qf8 20. Qd1 Qg7 21. Qe1 Nd7 22.
Bg4 f6 23. Bxd7 Qxd7 24. Bh6 Qg4 25. f5 Qh5 26. Qg3+ Ng5 27. hxg5 fxg5 28. Qxg5+
Qxg5 29. Bxg5 Ba6 30. Rf4 Bxc4 31. Rd1 Kf7 32. g4 Rg8 33. Bh4 Be2 34. Rd2 Bxg4
35. Rg2 Bf3 36. Rg3 Rxg3+ 37. Bxg3 Rh8 38. Kf2 Rh1 39. Rh4 Rxh4 40. Bxh4 Ke8 41.
Bf6 Bd1 42. Kg3 Bb3 43. Kf4 Bxd5 44. Bg5 a5 45. Bf6 b5 46. Bh4 c5 47. Be1 Kf7
48. Kg5 Bc4 49. f6 Be6 50. Bd2 d5 51. Be1 Bd7 52. Bd2 b4 53. cxb4 cxb4 54. axb4
a4 55. Bc3 a3 56. Kf4 a2 57. Ke5 Bc6 58. Ba1 Bb7 59. Kd6 Bc8 60. b5 1-0

[Event "Women's Speed Chess Q5"]
[Site "chess.com INT"]
[Date "2020.06.22"]
[Round "2"]
[White "Sharma, Isha"]
[Black "Swati, Mohota"]
[Result "1/2-1/2"]
[WhiteTitle "WIM"]
[BlackTitle "WFM"]
[WhiteElo "2276"]
[BlackElo "2027"]
[WhiteFideId "35006665"]
[BlackFideId "5006511"]
[EventDate "2020.06.22"]

1. e4 d6 2. d4 e5 3. dxe5 dxe5 4. Qxd8+ Kxd8 5. Nf3 f6 6. Bc4 Bc5 7. Nbd2 Ne7 8.
Nb3 Bd6 9. Be3 b6 10. O-O-O Nbc6 11. c3 Bb7 12. Nbd2 Kd7 13. h4 Rad8 14. h5 Kc8
15. Nh4 g6 16. Bh6 g5 17. Nf5 Nxf5 18. Be6+ Kb8 19. Bxf5 Ne7 20. Bg7 Nxf5 21.
Bxh8 Rxh8 22. exf5 Bxg2 23. Rhe1 Bc5 24. Ne4 Bxe4 25. Rxe4 Bxf2 26. Rd7 Bg3 27.
Rf7 Bf4+ 28. Kc2 Rd8 29. Rxh7 g4 30. Rg7 Rd2+ 31. Kb3 g3 32. Re1 Rh2 33. Rg6 Bg5
34. Rg1 Rxh5 35. Rxg3 Rh2 36. Rd3 Bc1 37. Rg7 Rxb2+ 38. Kc4 Rd2 39. Rh3 Rd6 40.
Rhh7 Rc6+ 41. Kb3 Bd2 42. c4 Bg5 43. Re7 Kb7 44. Re6 Rc5 45. a4 a5 46. Kc3 Rc6
47. Ree7 Rc5 48. Kd3 Rc6 49. Rd7 Rc5 50. Rhe7 Rc6 51. Re6 Rc5 52. Ree7 Rc6 53.
Kc3 Kc8 54. Kd3 Kb7 1/2-1/2

[Event "Women's Speed Chess Q5"]
[Site "chess.com INT"]
[Date "2020.06.22"]
[Round "2"]
[White "Vaishali, R"]
[Black "Morris-Suzuki, Sophie"]
[Result "1-0"]
[WhiteTitle "WGM"]
[BlackTitle "WFM"]
[WhiteElo "2393"]
[BlackElo "2043"]
[WhiteFideId "5091756"]
[BlackFideId "30922615"]
[EventDate "2020.06.22"]

1. e4 c5 2. Nc3 a6 3. g3 b5 4. Bg2 Bb7 5. d3 e6 6. Nh3 d6 7. O-O Nc6 8. f4 Qc7
9. a4 b4 10. Ne2 Nf6 11. c3 a5 12. Nf2 Be7 13. g4 O-O 14. g5 Nd7 15. Ng3 Rfe8
16. f5 exf5 17. Nxf5 Bf8 18. Bf4 Nce5 19. d4 Ng6 20. Bg3 Qb6 21. Qd2 Rad8 22. h4
cxd4 23. cxd4 Nb8 24. Rad1 Nc6 25. Kh2 Bc8 26. Ng4 d5 27. e5 Bxf5 28. Rxf5 Nge7
29. Rf2 b3 30. Qf4 Ng6 31. Qxf7+ Kh8 32. h5 Nge7 33. h6 Nxd4 34. hxg7+ Bxg7 35.
Nf6 Rf8 36. Qh5 Bxf6 37. Rxf6 Rxf6 38. exf6 Ng6 39. Qh6 Nf5 40. Qh3 Qe6 41. Re1
Qd7 42. Rf1 Nxg3 43. Qxg3 d4 44. Rd1 d3 45. Rd2 Qd4 46. Kh1 Qf4 47. Rxd3 Qc1+
48. Kh2 Rf8 49. Rxb3 Qc8 50. Rc3 Qe6 51. Re3 Qf7 52. Rc3 Re8 53. Rc7 Qf8 54. Qh3
Qg8 55. Qg3 Qf8 56. Rg7 Rd8 57. Qh3 Qxg7 58. fxg7+ Kxg7 59. Qc3+ Kf7 60. Qxa5
Re8 61. Qc7+ Kf8 62. Qc4 Re7 63. Qc5 Ke8 64. a5 Kd8 65. a6 Rc7 66. Qb6 Kc8 67.
a7 Kd7 68. a8=Q Rc2 69. Qd5+ Ke7 70. Qbe6+ Kf8 71. Qf7# 1-0

[Event "Women's Speed Chess Q5"]
[Site "chess.com INT"]
[Date "2020.06.22"]
[Round "2"]
[White "Singgih, Diajeng Theresa"]
[Black "Mohota, Nisha"]
[Result "0-1"]
[WhiteTitle "WFM"]
[BlackTitle "IM"]
[WhiteElo "1972"]
[BlackElo "2195"]
[WhiteFideId "7104391"]
[BlackFideId "5004330"]
[EventDate "2020.06.22"]

1. e4 Nf6 2. e5 Nd5 3. c4 Nb6 4. d4 d6 5. exd6 cxd6 6. Nc3 g6 7. Be3 Bg7 8. Nf3
O-O 9. Bd3 Nc6 10. O-O Bg4 11. h3 Bxf3 12. Qxf3 Nxd4 13. Qxb7 Qc8 14. Qe4 Nc6
15. Bxb6 axb6 16. Nd5 Qd8 17. Rab1 Rxa2 18. b4 Ra7 19. Rfe1 e6 20. Nf4 Ne5 21.
Bf1 Rc7 22. Red1 Qe7 23. Rbc1 Rfc8 24. Kh1 b5 25. c5 dxc5 26. bxc5 Rxc5 27. Rb1
Rb8 28. Nd3 Nxd3 29. Rxd3 h5 30. Rbd1 b4 31. Rd7 Qf6 32. Qd3 b3 33. Qd6 Rcc8 34.
Bd3 Qxf2 35. Qe7 b2 36. Bxg6 Rf8 37. Rb1 Be5 38. Bxh5 Qf4 39. Bxf7+ Rxf7 40.
Qxf7+ Qxf7 41. Rxf7 Kxf7 42. Kg1 Rc8 43. Kf2 Rc1 44. Rxc1 bxc1=Q 0-1

[Event "Women's Speed Chess Q5"]
[Site "chess.com INT"]
[Date "2020.06.22"]
[Round "2"]
[White "Sihite, Chelsie Monica Ignesias"]
[Black "Toncheva, Nadya"]
[Result "0-1"]
[WhiteTitle "WIM"]
[BlackTitle "WFM"]
[WhiteElo "2252"]
[BlackElo "2064"]
[WhiteFideId "7101198"]
[BlackFideId "2924056"]
[EventDate "2020.06.22"]

1. c4 c5 2. Nc3 Nc6 3. g3 g6 4. Bg2 Bg7 5. Nf3 e6 6. O-O Nge7 7. d3 O-O 8. Rb1
d5 9. cxd5 exd5 10. e4 Be6 11. Ng5 Qd7 12. Nxe6 fxe6 13. Bh3 Nd4 14. exd5 Nxd5
15. Ne4 Nf3+ 16. Kh1 Qc6 17. Bg2 Nd4 18. Be3 Rad8 19. Rc1 b6 20. b4 Qb5 21. bxc5
Nf5 22. Bg5 Rd7 23. c6 Rc7 24. Qb3 Qxb3 25. axb3 Nd4 26. Bh3 Rfc8 27. Be3 Rxc6
28. Rxc6 Rxc6 29. Ng5 Nc7 30. b4 h6 31. Ne4 Kf7 32. Bg2 Rc2 33. Nd6+ Kf8 34. h4
Nd5 35. h5 gxh5 36. Ra1 Nc6 37. Rf1 Ke7 38. Ne4 Ncxb4 39. d4 Nd3 40. Kg1 Rc4 41.
Rd1 Nb2 42. Rb1 Rc2 43. Bf1 a5 44. Bc1 Nc4 45. Be3 Ncxe3 46. fxe3 a4 47. Bd3 Ra2
48. Re1 a3 49. Bb1 Rb2 50. Nf2 a2 51. Bxa2 Rxa2 52. Kg2 Ra3 53. Kf3 Bxd4 54. Nd1
Bc5 55. Rh1 Nxe3 56. Nxe3 Rxe3+ 57. Kg2 Re5 58. Kf3 Rd5 59. Ra1 Bd6 60. Ra7+ Kf6
61. Rh7 b5 62. Rb7 Kg6 63. Rb6 Rd3+ 64. Ke4 Rd5 65. Kf3 Kf5 66. Rb7 Rd3+ 67. Ke2
Rxg3 68. Rf7+ Kg4 69. Rg7+ Kh3 70. Rh7 h4 71. Rxh6 Rg2+ 72. Kf1 b4 73. Rxe6 Bg3
74. Rb6 Rb2 75. Rb5 Rb1+ 76. Ke2 b3 77. Kf3 b2 78. Ke2 Rh1 79. Rxb2 Rh2+ 80. Kf1
Rxb2 81. Kg1 Rb1# 0-1

[Event "Women's Speed Chess Q5"]
[Site "chess.com INT"]
[Date "2020.06.22"]
[Round "2"]
[White "Schut, Lisa"]
[Black "Turova, Irina"]
[Result "1-0"]
[WhiteTitle "WIM"]
[BlackTitle "IM"]
[WhiteElo "2259"]
[BlackElo "2381"]
[WhiteFideId "1019481"]
[BlackFideId "4120876"]
[EventDate "2020.06.22"]

1. e4 e5 2. Nf3 Nc6 3. Bc4 Bc5 4. b4 Bb6 5. a4 a6 6. O-O Nf6 7. d3 h6 8. c3 O-O
9. Be3 Bxe3 10. fxe3 d5 11. exd5 Nxd5 12. Qe2 Bg4 13. e4 Nf4 14. Qe3 Be6 15.
Bxe6 Nxe6 16. Nbd2 Qd7 17. Nc4 f6 18. Nh4 Rfd8 19. Rad1 b5 20. Nb2 bxa4 21. Nf5
a3 22. Nc4 a2 23. Qf2 a5 24. b5 Na7 25. Qxa2 Nxb5 26. Qd2 Nf4 27. d4 Qc6 28.
Nce3 Qxc3 29. Qa2+ Kf8 30. Ng4 Nxd4 31. Nfxh6 gxh6 32. Nxh6 Rd7 33. Qg8+ Ke7 34.
Qg7+ Kd6 35. Qxf6+ Ne6 36. Nf5+ Kc6 37. Rc1 Nc2 38. Qxe6+ Kb5 39. Qa2 Qc5+ 40.
Kh1 Rd2 41. Rb1+ Ka6 42. Qb3 Rg8 43. Qe6+ c6 44. Qf7 Nb4 45. Qxg8 Qc2 46. Qg3
Rd3 47. Rbc1 Qb3 48. Qg4 a4 49. Qe2 Ka5 50. Rb1 Qc3 51. Rxb4 Kxb4 52. Ne3 Rxe3
53. Rb1+ Kc5 54. Qd1 Rd3 55. Qf1 Kd4 56. Qg1+ Kxe4 57. Re1+ Kd5 58. Rb1 a3 59.
h3 Qc2 60. Rc1 Rd2 61. Rxc2 Rxc2 62. Qd1+ Ke4 63. Qxc2+ Ke3 64. Qa2 1-0

[Event "Women's Speed Chess Q5"]
[Site "chess.com INT"]
[Date "2020.06.22"]
[Round "2"]
[White "Vovk, Anastasiia"]
[Black "Huda, Maryana"]
[Result "0-1"]
[WhiteTitle "WGM"]
[BlackTitle "WGM"]
[WhiteElo "2076"]
[BlackElo "2128"]
[WhiteFideId "14110563"]
[BlackFideId "14116553"]
[EventDate "2020.06.22"]

1. e4 e5 2. Nf3 Nc6 3. Bb5 a6 4. Ba4 Nf6 5. O-O b5 6. Bb3 Bb7 7. Re1 Bc5 8. c3
d6 9. d4 Bb6 10. Bg5 h6 11. Bxf6 Qxf6 12. Bd5 O-O 13. dxe5 dxe5 14. Nbd2 Rfd8
15. Qe2 Rab8 16. Nf1 Ne7 17. Bxb7 Rxb7 18. Rad1 Rbb8 19. Ne3 Qe6 20. Nd5 Nxd5
21. exd5 Rxd5 22. Rxd5 Qxd5 23. Qxe5 Qxa2 24. Qe2 Rd8 25. Qc2 Qd5 26. h3 a5 27.
Ne5 Qd2 28. Re2 Qxc2 29. Rxc2 Rd1+ 30. Kh2 f6 31. Nf3 Rf1 32. Kg3 Rd1 33. Nh2 h5
34. Nf3 Kf7 35. h4 a4 36. Re2 c6 37. Nd2 Bc7+ 38. Kf3 g5 39. hxg5 fxg5 40. Ne4
Rd3+ 41. Re3 g4+ 42. Ke2 Rxe3+ 43. Kxe3 Ke6 44. Nc5+ Kd5 45. Ne4 h4 46. Nf6+ Kc4
47. Nxg4 Kb3 48. Kd2 Kxb2 49. Ne3 a3 50. Nd1+ Kb3 51. Kc1 a2 52. Kd2 a1=Q 53.
Ne3 Qa2+ 54. Kd3 Bb6 55. Ke4 Qxf2 56. Ng4 Qxg2+ 57. Kf5 Qxg4+ 58. Kxg4 Kxc3 59.
Kxh4 b4 60. Kg4 b3 61. Kf5 b2 62. Ke6 b1=Q 63. Kd6 Qd1+ 64. Kxc6 Ba5 65. Kb5 Bb4
66. Kc6 Qd3 67. Kb6 Qc4 68. Kb7 Qc5 69. Kb8 Qd6+ 0-1

[Event "Women's Speed Chess Q5"]
[Site "chess.com INT"]
[Date "2020.06.22"]
[Round "2"]
[White "Fominykh, Maria"]
[Black "Goh, Jie Yi"]
[Result "1-0"]
[WhiteTitle "WGM"]
[BlackTitle "WCM"]
[WhiteElo "2206"]
[BlackElo "1743"]
[WhiteFideId "4142411"]
[BlackFideId "5710049"]
[EventDate "2020.06.22"]

1. d4 e6 2. Nf3 f5 3. g3 Nf6 4. Bg2 Be7 5. O-O O-O 6. c4 d6 7. Nc3 Ne4 8. Nd2
Nxc3 9. bxc3 Nd7 10. e3 e5 11. f4 e4 12. Nb3 Nf6 13. d5 Qe8 14. Nd4 Qg6 15. Kh1
Qh6 16. h3 Nh5 17. Qe1 Qg6 18. Kh2 Bf6 19. Rg1 Bxd4 20. cxd4 Bd7 21. Ba3 Nf6 22.
Bf1 Qh6 23. c5 Nxd5 24. cxd6 cxd6 25. Bc4 Bc6 26. Qb4 Rfd8 27. Qb3 Qe6 28. g4
fxg4 29. Rxg4 Rd7 30. Rf1 b5 31. f5 Qf7 32. Be2 Nf6 33. Qxf7+ Kxf7 34. Rg3 a6
35. Rfg1 Kf8 36. Bd1 Nd5 37. Bb3 Nf6 38. Rg5 Rad8 39. Bb4 Ra8 40. Rc1 Bb7 41.
Ba5 Rc8 42. Rgg1 Re7 43. Rxc8+ Bxc8 44. Rc1 Bb7 45. Bb4 Rd7 46. Be6 Rd8 47. Rc7
Bd5 48. Rf7+ Ke8 49. Rxf6 gxf6 50. Bxd5 Ke7 51. Be6 Ra8 52. Bd5 Rb8 53. Bxe4 Rc8
54. Bd3 Rc1 55. Kg3 Ra1 56. a3 Rg1+ 57. Kf2 Rd1 58. Be2 Rh1 59. Kg2 Rb1 60. e4
Rc1 61. e5 Kd7 62. Bxd6 Rc8 63. Bc5 fxe5 64. f6 exd4 65. Bg4+ Kc7 66. Bxc8 Kxc8
67. f7 Kd7 68. f8=Q Ke6 69. Qd6+ Kf5 70. Qxd4 Kg6 71. Kf3 Kf7 72. Qd6 Kg7 73.
Qe6 Kh8 74. Bd4# 1-0

[Event "Women's Speed Chess Q5"]
[Site "chess.com INT"]
[Date "2020.06.22"]
[Round "2"]
[White "Tsotsonava, Elene"]
[Black "Martynyuk, Elizaveta"]
[Result "1-0"]
[WhiteTitle "WFM"]
[BlackTitle "FM"]
[WhiteElo "2012"]
[BlackElo "2041"]
[WhiteFideId "13615939"]
[BlackFideId "24128511"]
[EventDate "2020.06.22"]

1. e4 c5 2. Nf3 Nc6 3. d4 cxd4 4. Nxd4 g6 5. c4 Nf6 6. Nc3 Nxd4 7. Qxd4 d6 8.
Be2 Bg7 9. O-O O-O 10. Qd1 a5 11. Be3 a4 12. Nxa4 Nxe4 13. Nb6 Ra5 14. Bf3 Ng5
15. Bd5 e6 16. Bf3 Nxf3+ 17. Qxf3 Bxb2 18. Rab1 Rxa2 19. Qe2 Qf6 20. Bc1 Qe5 21.
Qc2 Qc3 22. Qe2 Bxc1 23. Qxa2 Bg5 24. Nxc8 Rxc8 25. Rxb7 Rxc4 26. Qa7 Qf6 27.
Qb8+ Kg7 28. Qxd6 Bf4 29. Qd3 Rc3 30. Qd7 e5 31. g3 Bg5 32. h4 Bc1 33. Kg2 e4
34. Qe7 Qf3+ 35. Kg1 e3 36. Qe5+ Kh6 37. Qxc3 exf2+ 38. Rxf2 Qxc3 39. Rbxf7 Be3
40. Kg2 Bxf2 41. Rxf2 Qc6+ 42. Kh2 Qe4 43. Kg1 Qe3 44. Kg2 Kh5 45. Rf3 Qe2+ 46.
Rf2 Qe4+ 47. Kh2 g5 48. hxg5 Kxg5 49. Kh3 h5 50. Kh2 h4 51. gxh4+ Kxh4 52. Rg2
Qf4+ 53. Kg1 Qe3+ 54. Kh1 Qe1+ 55. Rg1 Qe4+ 56. Kh2 Qf3 57. Rg2 Qe3 58. Kh1 Qe4
59. Kg1 Qf4 60. Rf2 Qg3+ 61. Kf1 Qe3 62. Rg2 Qf3+ 63. Rf2 Qe3 64. Rg2 Qd3+ 65.
Re2 Qd4 66. Ke1 Qc3+ 67. Rd2 Kg3 68. Kd1 Qb3+ 69. Kc1 Kf3 70. Rc2 Ke3 71. Rb2
Qc3+ 72. Kb1 Kd3 73. Ka2 Qa5+ 74. Kb1 Qa3 75. Rc2 1-0

[Event "Women's Speed Chess Q5"]
[Site "chess.com INT"]
[Date "2020.06.22"]
[Round "2"]
[White "Starosta, Martyna"]
[Black "Koridze, Lile"]
[Result "1/2-1/2"]
[WhiteTitle "WCM"]
[BlackTitle "WFM"]
[WhiteElo "2079"]
[BlackElo "1996"]
[WhiteFideId "21818754"]
[BlackFideId "13612514"]
[EventDate "2020.06.22"]

1. e4 c5 2. Nf3 d6 3. d4 cxd4 4. Nxd4 Nf6 5. Nc3 Nc6 6. Bc4 e6 7. O-O Be7 8. Be3
O-O 9. f4 a6 10. Qe1 Qc7 11. Bd3 Bd7 12. Nxc6 Bxc6 13. Qg3 d5 14. e5 Ne4 15. Qh3
b5 16. Ne2 Bb7 17. Bxe4 dxe4 18. c3 Rad8 19. Ng3 Rd3 20. Bd4 Bc5 21. Qg4 Kh8 22.
f5 Bxd4+ 23. cxd4 Rxd4 24. fxe6 g6 25. exf7 Rxf7 26. Rxf7 Qxf7 27. Rf1 Qe7 28.
e6 Bc8 29. Qf4 Kg8 30. Nxe4 Rc4 31. Nf6+ Kg7 32. Qe5 Qc5+ 33. Qxc5 Rxc5 34. e7
Bd7 35. Nxd7 Re5 36. e8=Q Rxe8 37. Nc5 Re2 38. Nxa6 Rxb2 39. Nc7 Rxa2 40. Nxb5
Rb2 41. Nd4 Rd2 42. Nf3 Rd7 43. Ne5 Re7 44. Nf3 Rf7 45. h3 Re7 46. Ng5 h6 47.
Nf3 Rf7 48. Nd4 Re7 49. Nf3 Rf7 50. Nh2 Re7 51. Ng4 Re6 52. Rd1 g5 53. Rd7+ Kg6
54. Rc7 h5 55. Nf2 Re1+ 56. Kh2 Re6 57. Nd3 Rd6 58. Rc6 Rf6 59. Rxf6+ Kxf6 60.
Nf2 Kf5 61. Kg3 h4+ 62. Kf3 Ke5 63. Ng4+ Kf5 64. Nh6+ Kg6 65. Ng4 Kf5 66. Ne3+
Ke5 67. Kg4 Kf6 68. Nd5+ Ke5 69. Kxg5 Kxd5 70. Kxh4 Ke6 71. Kg5 Kf7 72. h4 Kg7
73. h5 Kh7 74. Kh4 Kh6 75. g4 Kh7 76. g5 Kg7 77. g6 Kh6 78. Kg4 Kg7 79. Kg5 Kg8
80. h6 Kh8 81. h7 Kg7 82. Kh5 Kh8 83. Kg5 Kg7 84. Kf5 Kh8 85. Ke6 Kg7 86. Ke7
Kh8 87. Ke8 Kg7 88. Ke7 Kh8 89. Ke6 Kg7 90. Kf5 Kh8 91. Kg5 1/2-1/2

[Event "Women's Speed Chess Q5"]
[Site "chess.com INT"]
[Date "2020.06.22"]
[Round "2"]
[White "Zvereva, Margarita"]
[Black "Mrudul, Dehankar"]
[Result "0-1"]
[WhiteTitle "WFM"]
[BlackTitle "WIM"]
[WhiteElo "1929"]
[BlackElo "2256"]
[WhiteFideId "34177741"]
[BlackFideId "25096990"]
[EventDate "2020.06.22"]

1. d4 Nf6 2. Nf3 e6 3. e3 b6 4. Bd3 c5 5. O-O Bb7 6. c4 Be7 7. Nc3 d5 8. b3 O-O
9. Bb2 Nbd7 10. Qe2 Ne4 11. Ne5 Nxe5 12. dxe5 Nxc3 13. Bxc3 f6 14. exf6 Bxf6 15.
Bxf6 Qxf6 16. Rad1 Rad8 17. cxd5 exd5 18. e4 Rde8 19. f3 Kh8 20. Qc2 dxe4 21.
Bxe4 Bxe4 22. fxe4 Qe5 23. Rxf8+ Rxf8 24. Qd3 h6 25. h3 Re8 26. Re1 Qg5 27. Qd7
Qe5 28. Qd3 Re7 29. Qd8+ Kh7 30. Qd3 Rf7 31. Qc4 Qf4 32. Qc2 g6 33. e5 Re7 34.
e6 Qd4+ 35. Kh1 Qd5 36. Qe4 Qxe4 37. Rxe4 Kg7 38. Kg1 Kf6 39. Rh4 h5 40. Ra4
Kxe6 41. Kf2 Kd6 42. Rf4 Ke6 43. Ra4 Rf7+ 44. Ke3 Kd5 45. g4 h4 46. g5 Re7+ 47.
Kf3 Re5 48. Rxh4 Rxg5 49. Rh7 Rf5+ 50. Kg3 Rg5+ 51. Kf3 Rf5+ 52. Kg3 a5 53. Rd7+
Ke4 54. Rg7 Rf6 55. Re7+ Kd3 56. Kg4 Kc3 57. Kg5 Rd6 58. Re2 Kb4 59. Re4+ Ka3
60. Re2 b5 61. Rc2 Kb4 62. Re2 c4 63. bxc4 bxc4 64. Rf2 c3 65. Rf4+ Ka3 66. Rf2
Rc6 67. h4 c2 68. Rf3+ Kxa2 69. Rf1 c1=Q+ 70. Rxc1 Rxc1 71. Kxg6 Rh1 72. h5 Rxh5
73. Kxh5 a4 74. Kg4 Kb2 75. Kf3 a3 0-1

[Event "Women's Speed Chess Q5"]
[Site "chess.com INT"]
[Date "2020.06.22"]
[Round "3"]
[White "De Seroux, Camille"]
[Black "Golubeva, Oksana"]
[Result "0-1"]
[WhiteTitle "WIM"]
[BlackTitle "WFM"]
[WhiteElo "2137"]
[BlackElo "2179"]
[WhiteFideId "1305620"]
[BlackFideId "4170164"]
[EventDate "2020.06.22"]

1. e4 e6 2. d4 d5 3. Nd2 Nf6 4. e5 Nfd7 5. c3 c5 6. Bd3 cxd4 7. cxd4 Nc6 8. Ne2
f6 9. exf6 Qxf6 10. Nf3 h6 11. O-O Bd6 12. Ng3 O-O 13. a3 Rd8 14. Bc2 Nf8 15.
Qd3 Bd7 16. Re1 Be8 17. Qb5 Nxd4 18. Nxd4 Bxb5 0-1

[Event "Women's Speed Chess Q5"]
[Site "chess.com INT"]
[Date "2020.06.22"]
[Round "3"]
[White "Shukhman, Anna"]
[Black "Frayna, Janelle Mae"]
[Result "1-0"]
[WhiteTitle "WCM"]
[BlackTitle "WGM"]
[WhiteElo "1866"]
[BlackElo "2179"]
[WhiteFideId "54180058"]
[BlackFideId "5212499"]
[EventDate "2020.06.22"]

1. e4 Nf6 2. e5 Nd5 3. d4 d6 4. Bc4 Nb6 5. Bb3 d5 6. a4 a5 7. Nf3 Bg4 8. h3 Bh5
9. c3 e6 10. O-O Ke7 11. Bg5+ f6 12. Bh4 Kf7 13. exf6 gxf6 14. Ne5+ Kg7 15. Qxh5
Bd6 16. Qf7+ 1-0

[Event "Women's Speed Chess Q5"]
[Site "chess.com INT"]
[Date "2020.06.22"]
[Round "3"]
[White "Padmini, Rout"]
[Black "Toncheva, Nadya"]
[Result "1-0"]
[WhiteTitle "IM"]
[BlackTitle "WFM"]
[WhiteElo "2370"]
[BlackElo "2064"]
[WhiteFideId "5029295"]
[BlackFideId "2924056"]
[EventDate "2020.06.22"]

1. e4 c5 2. Nf3 e6 3. d4 cxd4 4. Nxd4 Nf6 5. Nc3 d6 6. g4 h6 7. h4 Be7 8. Rg1 a6
9. g5 hxg5 10. hxg5 Nfd7 11. g6 Nc6 12. gxf7+ Kxf7 13. Nxe6 Kxe6 14. Qd5+ Kf6
15. Qf5# 1-0

[Event "Women's Speed Chess Q5"]
[Site "chess.com INT"]
[Date "2020.06.22"]
[Round "3"]
[White "Martynyuk, Elizaveta"]
[Black "Vanhuyse, Nele"]
[Result "1-0"]
[WhiteTitle "FM"]
[BlackTitle "WFM"]
[WhiteElo "2041"]
[BlackElo "1928"]
[WhiteFideId "24128511"]
[BlackFideId "228818"]
[EventDate "2020.06.22"]

1. e4 c5 2. Nf3 e6 3. d4 cxd4 4. Nxd4 Nc6 5. Nc3 Qc7 6. Be3 a6 7. Bd3 Nf6 8. O-O
d6 9. Kh1 Be7 10. f4 Bd7 11. Qf3 O-O 12. g4 Nxd4 13. Bxd4 Bc6 14. g5 Nd7 15. Nd5
exd5 16. exd5 Bb5 17. c4 Bxc4 18. Rac1 Bxd5 19. Rxc7 Bxf3+ 20. Rxf3 Rfd8 21. Bf5 1-0

[Event "Women's Speed Chess Q5"]
[Site "chess.com INT"]
[Date "2020.06.22"]
[Round "3"]
[White "Shuvalova, Polina"]
[Black "Linares Napoles, Oleiny"]
[Result "1-0"]
[WhiteTitle "WGM"]
[BlackTitle "WGM"]
[WhiteElo "2454"]
[BlackElo "2215"]
[WhiteFideId "24171760"]
[BlackFideId "3504794"]
[EventDate "2020.06.22"]

1. e4 d6 2. d4 Nf6 3. Nc3 g6 4. Nf3 Bg7 5. Be2 O-O 6. O-O c6 7. a4 a5 8. Re1 Qc7
9. h3 e5 10. b3 Na6 11. Ba3 exd4 12. Nxd4 Re8 13. Bxa6 Rxa6 14. Qd2 Nd7 15. Rad1
Nc5 16. f3 Ra8 17. Nde2 Bf8 18. Qf4 Qb6 19. Bb2 Bd7 20. Kh1 Rad8 21. Qf6 Re6 22.
Nd5 Rxf6 23. Nxf6+ Kh8 24. Nxd7+ Kg8 25. Nxb6 Be7 26. Nc4 1-0

[Event "Women's Speed Chess Q5"]
[Site "chess.com INT"]
[Date "2020.06.22"]
[Round "3"]
[White "Nguyen, Hong Anh"]
[Black "Ilyuchyk, Yana"]
[Result "1-0"]
[WhiteTitle "WIM"]
[BlackTitle "WFM"]
[WhiteElo "1970"]
[BlackElo "2119"]
[WhiteFideId "12406732"]
[BlackFideId "13508407"]
[EventDate "2020.06.22"]

1. d4 Nf6 2. c4 d6 3. Nf3 g6 4. g3 Bg7 5. Bg2 O-O 6. O-O Nbd7 7. Nc3 e5 8. e4
exd4 9. Nxd4 Nc5 10. h3 Re8 11. Re1 Bd7 12. Qc2 Nfxe4 13. Nxe4 Bxd4 14. Bg5 f6
15. Nxc5 dxc5 16. Bd5+ Kg7 17. Rxe8 Qxe8 18. Bd2 Qe2 19. Bh6+ Kxh6 20. Qxe2 Re8
21. Qd2+ Kg7 22. Bxb7 Rb8 23. Re1 Bxh3 24. Re7+ Kf8 25. Rxc7 1-0

[Event "Women's Speed Chess Q5"]
[Site "chess.com INT"]
[Date "2020.06.22"]
[Round "3"]
[White "Kubicka, Anna"]
[Black "Gevorgyan, Maria"]
[Result "1-0"]
[WhiteTitle "WIM"]
[BlackTitle "WGM"]
[WhiteElo "2256"]
[BlackElo "2228"]
[WhiteFideId "1152254"]
[BlackFideId "13300270"]
[EventDate "2020.06.22"]

1. e4 c5 2. Ne2 Nc6 3. g3 d5 4. Bg2 dxe4 5. Nbc3 f5 6. O-O Nf6 7. d3 exd3 8.
cxd3 g6 9. Re1 Bg7 10. Be3 O-O 11. Bxc5 Ne5 12. Nf4 Qc7 13. Ba3 g5 14. Nfd5 Nxd5
15. Nxd5 Qa5 16. Nxe7+ Kh8 17. d4 Nc4 18. Bc5 Bd7 19. b3 Nb6 20. Qh5 Be8 21.
Qxg5 Nd7 22. Nxf5 Rxf5 23. Qxf5 Nxc5 24. dxc5 Bg6 25. Qd7 Qxc5 26. Rac1 Qg5 27.
Rc8+ 1-0

[Event "Women's Speed Chess Q5"]
[Site "chess.com INT"]
[Date "2020.06.22"]
[Round "3"]
[White "Klinova, Masha"]
[Black "Hryzlova, Sofiia"]
[Result "1-0"]
[WhiteTitle "IM"]
[BlackTitle "WCM"]
[WhiteElo "2275"]
[BlackElo "1940"]
[WhiteFideId "2802015"]
[BlackFideId "14174669"]
[EventDate "2020.06.22"]

1. e4 c5 2. Nf3 Nc6 3. Bb5 e6 4. Bxc6 bxc6 5. O-O Ne7 6. Re1 Ng6 7. c3 d5 8. e5
Be7 9. d3 O-O 10. b3 a5 11. c4 f6 12. Bb2 d4 13. Nbd2 Qc7 14. exf6 gxf6 15. Ne4
e5 16. Ba3 Qa7 17. Qd2 Kg7 18. h3 h6 19. Ng3 Qc7 20. Nh5+ Kh7 21. Bc1 Nf4 22.
Nxf4 exf4 23. Qxf4 Qxf4 24. Rxe7+ Kg6 25. Bxf4 Bf5 26. Nh4+ 1-0